000 02170nam0a2200349 4500
001 RU\NLR\BIBL_A\012407063
005 20220922113911.0
021 _aRU
_bКН-П-20-047085
_9КН-П-20-3581
035 _a(NLR Aleph) 012407063
035 _a(RuMoRGB)010398397
090 _a11755926
_c11755926
100 _a20201119d2020 k y0rusy50 ca
101 0 _arus
102 _aRU
105 _ay|||j|||000zy
181 0 _ai
_baxxe
182 0 _an
200 1 _aПравовые и организационные основы расследования преступлений
_eучебно-практическое пособие
_e[для слушателей факультета профессиональной подготовки образовательных организаций системы МВД России]
_fФедеральное государственное казенное образовательное учреждение высшего образования "Дальневосточный юридический институт Министерства внутренних дел Российской Федерации"
_g[Безлепкина О. В., к.ю.н., доц., Клименко А. К.]
203 _aТекст
_bвизуальный
_cнепосредственный
210 _aХабаровск
_cДВЮИ МВД России
_d2020
215 _a267 с.
_d21
320 _aБиблиогр.: с. 165-167 и в подстроч. примеч.
606 1 _aПреступления
_jУчебные издания для высших учебных заведений
_xРасследование
_yРоссийская Федерация
_92077795
_3RU\NLR\AUTH\661253512
686 1 _aХ629.372я73
702 1 _aБезлепкина
_bО. В.
_gОльга Вячеславовна
_4220
712 0 2 _4475
_aДальневосточный юридический институт
_cХабаровск
_9586585
_3RU\NLR\AUTH\8810043537
942 _cBOOK
980 _aNBR
980 _aNB